Music Quiz

Random Music or Singers Quiz

More Mouthwatering Musicians Quiz Stats

Quiz Updated Oct 13, 2015

Challenge
Share
Tweet
Embed
Score 0/40 Timer 04:00
1 Play Today
% Correct
Ice-T
90.9%
Sugar Ray
87.4%
Korn
87.2%
Paul McCartney & Wings
86.3%
Brandy
85.4%
The Roots
84.2%
Wild Cherry
83.5%
The Jam
79.5%
Dizzy Gillespie
78%
Bowling for Soup
78%
Humble Pie
75.7%
Pulp
75.6%
Five Finger Death Punch
75.1%
Cracker
74.4%
Peaches & Herb
73.7%
Nick Cave & The Bad Seeds
71.8%
Marmalade
71.7%
Strawberry Alarm Clock
71.5%
Reel Big Fish
69.2%
The Honeydrippers
68.8%
% Correct
Hot Tuna
68.2%
Veruca Salt
67.3%
T-Bone Walker
66.5%
Honeymoon Suite
65.1%
Iron & Wine
63.3%
Flying Burrito Brothers
63.2%
Orange Juice
61.8%
The Electric Prunes
59.1%
Lambchop
57.4%
G. Love & Special Sauce
55.8%
Wheatus
54.1%
Shakespear's Sister
49.7%
Art Pepper
48.2%
Milky Chance
46.7%
Paolo Nutini
46.2%
Godley & Creme
44.8%
Moby Grape
41.3%
Candy Dulfer
38.3%
Las Ketchup
36.6%
Pepsi & Shirlie
27.7%

You're not logged in!

Compare scores with friends on all Sporcle quizzes.
Join for Free
OR
Log In

You Might Also Like...

Show Comments

Extras

Top Quizzes Today


Score Distribution

Your Account Isn't Verified!

In order to create a playlist on Sporcle, you need to verify the email address you used during registration. Go to your Sporcle Settings to finish the process.

Report this User

Report this user for behavior that violates our Community Guidelines.

Details: